Journal of the maxillofacial and oral surgery : (Record no. 88364)

MARC details
000 -LEADER
fixed length control field 00996nas a22002537a 4500
005 - DATE AND TIME OF LATEST TRANSACTION
control field 20140905154347.0
006 - FIXED-LENGTH DATA ELEMENTS--ADDITIONAL MATERIAL CHARACTERISTICS--GENERAL INFORMATION
fixed length control field a|||||r|||| 00| 0
007 - PHYSICAL DESCRIPTION FIXED FIELD--GENERAL INFORMATION
fixed length control field ta
008 - FIXED-LENGTH DATA ELEMENTS--GENERAL INFORMATION
fixed length control field 140905b xxu||||| |||| 00| 0 eng d
022 ## - INTERNATIONAL STANDARD SERIAL NUMBER
International Standard Serial Number 0972-8279
022 ## - INTERNATIONAL STANDARD SERIAL NUMBER
International Standard Serial Number 0974-942X (Electonic)
245 ## - TITLE STATEMENT
Title Journal of the maxillofacial and oral surgery :
Remainder of title official publication of the Association of Oral and Maxillofacial Surgeons of India
260 ## - PUBLICATION, DISTRIBUTION, ETC. (IMPRINT)
Place of publication, distribution, etc Mangalore :
Name of publisher, distributor, etc Association of Oral and Maxillofacial Surgeons of India
Date of publication, distribution, etc 2014-
260 ## - PUBLICATION, DISTRIBUTION, ETC. (IMPRINT)
Place of publication, distribution, etc New Delhi
Name of publisher, distributor, etc Spinger India
300 ## - PHYSICAL DESCRIPTION
Extent v.
Dimensions 24 cm (Pbk)
310 ## - CURRENT PUBLICATION FREQUENCY
Current publication frequency quarterly
362 ## - DATES OF PUBLICATION AND/OR SEQUENTIAL DESIGNATION
Dates of publication and/or sequential designation vol 13 No 1 Jan-March 2014
500 ## - GENERAL NOTE
General note An official publication of Association of Oral and Maxillofacial Surgeons of India
650 ## - SUBJECT ADDED ENTRY--TOPICAL TERM
Topical term or geographic name as entry element Maxillofacial
650 ## - SUBJECT ADDED ENTRY--TOPICAL TERM
Topical term or geographic name as entry element Oral surgery
856 ## - ELECTRONIC LOCATION AND ACCESS
Uniform Resource Identifier <a href="www.springer.com/12663">www.springer.com/12663</a>
270 ## - ADDRESS
Address Dr. Manjunath Rai Rai Dental Speciality Clinic K.S. Rao Road
City Mangalore
Postal code 575 001, rai.aomsi@gmail.com
Electronic mail address rai.aomsi@gmail.com
942 ## - ADDED ENTRY ELEMENTS (KOHA)
Source of classification or shelving scheme Dewey Decimal Classification
Item type Periodicals
Serial record 1
Holdings
Withdrawn status Lost status Source of classification or shelving scheme Damaged status Not for loan Collection code Home library Current library Date acquired Total Checkouts Date last seen Price effective from Koha item type
    Dewey Decimal Classification   Not For Loan Non-fiction D.B.Act.Division D.B.Act.Division 05/09/2014   05/09/2014 05/09/2014 Periodicals

© Delhi Public Library
Hit Counter
free hit counter